Responses for show #6422 - Tuesday, July 17, 2012

Contestants

[<< previous game]

Kimberley Stephenson, a college librarian from Pasadena, California

Dan Burke, a high school theology teacher from Chicago, Illinois

Blythe Rodgers, an attorney from Washington, D.C. (whose 1-day cash winnings total $13,999)

[next game >>]

Jeopardy! Round responses

CHEMICAL ELEMENTS
THINK FAST!
HISTOR"E"
SMART WORDS
ROUGH REVIEWS ON Rotten Tomatoes
A DOLLAR IS WORTH ABOUT...
    $200 1
chlorine

Blythe
    $200 21
light

Dan
    $200 6
Earp

Blythe
    $200 11
the quick

Blythe
    $200 16
Bruce Willis

Blythe
    $200 26
India

Kimberley
    $400 2
neon

Kimberley
    $400 22
(Dan: What is the rocket?)

the shinkansen (or bullet train)

BlytheDan
    $400 7
the Eastern front

Dan
    $400 12
keen

Kimberley
    $400 17
Basic Instinct 2

Blythe
    $400 27
pesos

Dan
    $600 3
the Iron Giant

Blythe
    $600 23
(Blythe: What is a hawk?)
(Alex: Be more specific.) [timer sounds before Blythe adds anything]

peregrine falcon

Blythe
Triple Stumper
    $600 8
Edgar

Kimberley
    $600 13
wise

Dan
    $600 18
Madonna

Blythe
    $600 28
the Euro

Blythe
    $800 4
mercury

Kimberley
    $800 24
(Lindsey) Vonn

Dan
    $800 9
Engels

Dan
    $800 14
bright

Dan
    $800 19
Chuck

Dan
    $800 29
Iraq

Kimberley
    $1000 5
plutonium

Blythe
    $1000 25
(Dan: Who is [pause] Yeager?)

(John) Glenn

DanKimberley
    $1,200 10
(Dan: Who is Ericson?)

Erik the Red

Dan
    $1000 15
intelligence

Blythe
    $1000 20
(Ben) Kingsley

Dan
    $1000 30
(Blythe: What is Honduras?)
(Dan: What is Costa Rica?)

Guatemala

BlytheDan
Triple Stumper

Scores at the first commercial break (after clue 15):

Blythe Dan Kimberley
$3,200 $1,400 $2,200

Scores at the end of the Jeopardy! Round:

Blythe Dan Kimberley
$3,800 $2,200 $4,200

Double Jeopardy! Round responses

COUNTRY MUSIC DUET PARTNERS
AT THE "CORE"
CONSTITUTION SIGNERS BY STATE
HOMOPHONES
ARTHUR
CANTERBURY TALES TELLERS
    $400 17
Dolly Parton

Blythe
    $400 1
fourscore

Dan
    $400 20
Virginia

Dan
    $400 12
an heir/air

Kimberley
    $400 7
(Blythe: What is sir?)

the Duke of Wellington

Blythe
Triple Stumper
    $400 6
Chaucer

Triple Stumper
    $800 18
Faith Hill

Blythe
    $800 2
albacore

Blythe
    $800 21
Pennsylvania

Blythe
    $800 13
Venus/venous

Kimberley
    $800 8
Arthur Miller

Blythe
    $800 30
love

Triple Stumper
    $1200 19
Miranda Lambert

Triple Stumper
    $1200 3
(Dan: What is [pause] film score?)

underscore

Dan
Triple Stumper
    $1200 22
Maryland

Blythe
    $1200 14
insight/incite

Dan
    $1200 9
(Arthur) Sullivan

Kimberley
    $1200 25
a bagpipe

Dan
    $1600 29
Roy Orbison

Blythe
    $1600 4
encores

Kimberley
    $3,000 23
New Jersey

Blythe
    $1600 15
grown/groan

Dan
    $1600 10
(Arthur Conan) Doyle

Dan
    $2,000 26
(Dan: Who is the priest?)

the knight

Dan
    $2000 28
Willie Nelson

Dan
    $2000 5
a core curriculum

Dan
    $2000 24
South Carolina

Triple Stumper
    $2000 16
hue/hew

Dan
    $2000 11
(Arthur) Schlesinger(, Jr.)

Dan
    $2000 27
Jerusalem

Blythe

Scores at the end of the Double Jeopardy! Round:

Blythe Dan Kimberley
$14,800 $13,400 $8,200

[wagering suggestions for these scores]

Final Jeopardy! Round responses

FIRST NAMES
[Blythe laughs softly as her wager is revealed to be too small.]
KimberleyWhat is Abigail?
$8,200
DanWhat is Abigail?
$13,398
BlytheWhat is Abigail?
$5,200
Abigail

Final scores:

Blythe Dan Kimberley
$20,000 $26,798 $16,400
2nd place: $2,000 New champion: $26,798 3rd place: $1,000

Game dynamics:

Coryat scores:

Blythe Dan Kimberley
$13,400 $16,600 $8,200
20 R
(including 1 DD),
3 W
19 R,
6 W
(including 2 DDs)
11 R,
0 W

Combined Coryat: $38,200

The J! Archive is created by fans, for fans. The Jeopardy! game show and all elements thereof, including but not limited to copyright and trademark thereto, are the property of Jeopardy Productions, Inc. and are protected under law. This website is not affiliated with, sponsored by, or operated by Jeopardy Productions, Inc. Join the discussion at JBoard.tv.